000 00302nam a2200121Ia 4500
008 220216s9999 xx 000 0 und d
100 _aOuseph T.
245 0 _aLatex gloves offer tremendous opportunities
260 _bRubber Board Bulletin
_c1988
300 _a11-Aug
650 _aGlove
942 _cBS
999 _c51164
_d51164